Halkçı parti yayınları (Record no. 7914)

MARC details
000 -BAŞLIK
Sabit Uzunlukta Kontrol Alanı 00779na a2200265 4500
001 - KONTROL NUMARASI
Denetim Alanı 22614
003 - KONTROL NUMARASI IDENTIFIER
Denetim Alanı MIRAKIL
005 - SON İŞLEM TARİHİ VE ZAMANI
Denetim Alanı 20181213155154.0
008 - SABİT-BOY VERİ ELEMANLARI - GENEL BİLGİLER
Sabit Uzunlukta Kontrol Alanı 170221b tu 000 0
035 ## - SİSTEM KONTROL NUMARASI
Sistem Kontrol Numarası 22614
040 ## - KATALOGLAMA KAYNAK
Orijinal Kataloglama Ajansı Milas
Kataloglama Dili tur
Metne Dönüştürmek Ajansı TR-AnCHP
041 ## - DİL KODU
Metin / Ses Parça Veya Ayrı Başlığın Dil Kodu tur
082 ## - DEWEY ONLU SINIFLANDIRMA NUMARASI
Sınıflandırma Numarası SHP 324.172
Ürün Numarası H24 [t.y]
090 ## - SINIFLAMA NUMARASI
Sınıflama Numarası SHP 324.172 H24 [t.y]
245 ## - BAŞLIK TABLOSU
Başlık Halkçı parti yayınları
Başlığın Kalan kanunlar, tüzükler, yönetmelikler
Sorumluluk Tablosu, Vb [hazırlayan] SHP
246 ## - UNVAN FORM VARYING
Başlık Doğru / Kısa Başlığı SHP yayınları
260 ## - YAYIN, DAĞITIM, VB
Yayın, Dağıtım, Vb Yeri [Ankara]
Yayıncı, Dağıtıcı, Vs Adı [SHP]
Yayın, Dağıtım, Vb Tarihi [t.y.]
300 ## - FİZİKSEL TANIM
Kapsam 62 s.
Boyutlar 22 sm.
440 ## - SERİSİ TABLOSU / KATMA GİRİŞİ - BAŞLIK
Başlık SHP yayınları
610 ## - KONU KATMA GİRİŞ - TOPLANTI ADI
Giriş Elemanı Olarak Kurumsal Ad Veya Yargı Alanı Adı SHP
Genel Alt Bölüm Tüzük ve yönetmelikler
610 ## - KONU KATMA GİRİŞ - TOPLANTI ADI
Giriş Elemanı Olarak Kurumsal Ad Veya Yargı Alanı Adı Halkçı Parti (HP)
Genel Alt Bölüm Tüzük ve yönetmelikler
650 ## - KONU KATMA GİRİŞ - TOPİKAL DÖNEM
Topikal Süreli Veya Coğrafi Ad Giriş Elemanı Siyasal partiler
Genel Alt Bölümü Tüzük ve yönetmelikler
942 ## - EKLENDİ GİRİŞ ELEMANLARI (KOHA)
Sınıflandırma Veya Raf Düzeni Kaynak Dewey Decimal Classification
Koha Öğesi Türü Books
999 ## - SİSTEM KONTROL NUMARALARI (KOHA)
Koha Biblionumber 7914
Koha Biblioitemnumber 7914
Holdings
Kullanım Kısıtlamaları Kalıcı Konum Mevcut Konum Edinme Tarihi Edinim Kaynak Kodlu Konum Eleme Toplam Check-Out'Lar Tam Çağrı Numarası Barkod Tarih Son Görülme İtibaren Geçerli Fiyatlar Sigara Kamu Notu Koha Öğesi Türü
Kütüphane dışına çıkarılamaz CHP Kütüphanesi CHP Kütüphanesi 02/20/2017 Bağış SHP   SHP 324.172 H24 [t.y] 016647 02/20/2017 02/20/2017 Ciltli Books